All Itzy Song [2019 - 2026] - Statistiques

Statistiques générales
  • Ce quiz a été pris 19 fois
  • Le résultat moyen est 77 sur 96
Statistiques - réponses
Hint Réponse % Correct
BORN TO BE Born To Be
100%
CAKE
100%
CHESHIRE Cheshire
100%
It'z Different Dalla Dalla
100%
It'z Icy Icy
100%
Guess Who In The Morning
100%
It'z Summer
100%
Crazy In Love Loco
100%
NOT SHY Not Shy
100%
RINGO Ringo
100%
Tunnel Vision
100%
Untouchable
100%
It'z Me Wannabe
100%
Want It
100%
3rd Japan Single Algorhythm
90%
Be in love
90%
Kill My Doubt Bet on me
90%
Blossom
90%
Boys like you
90%
Crown on my head
90%
Dynamite
90%
Escalator
90%
Five
90%
Girls Will Be Girls Girls Will Be Girls
90%
GOLD Gold
90%
iD
90%
Imaginary Friend
90%
Kill Shot
90%
Kiss & Tell
90%
Mine
90%
Mr. Vampire
90%
Nocturne
90%
Racer
90%
CHECKMATE Sneakers
90%
Snowy
90%
Surf
90%
That's a no no
90%
Ting Ting Ting
90%
1st Japan Single Voltage
90%
Walk
90%
You make me
90%
365
80%
2nd Japan Single Blah Blah Blah
80%
Can't tie me down
80%
Cherry
80%
DYT
80%
Freaky
80%
Free fall
80%
I. I. Know me
80%
None of my business
80%
Promise
80%
Run Away
80%
Sooo Lucky
80%
Spice
80%
Supernatural
80%
Trigger
80%
VAY
80%
Wild Wild West
80%
Yet, but
80%
24HRS
70%
8-BIT HEART
70%
Bad Girls R Us
70%
Boom Boxx
70%
Bratty
70%
Chillin' Chillin
70%
Don't give a what
70%
Flicker
70%
TUNNEL VISION Focus
70%
Gas me up
70%
I don't wanna dance
70%
Kidding me
70%
Locked N Loaded
70%
Louder
70%
No Biggie
70%
Nobody Like You
70%
Psychic Lover
70%
Collector Rock & Roll
70%
SHOOT
70%
Sorry Not Sorry
70%
Swipe
70%
TENNIS
70%
Special Single (T... M.) Trust Me (Midzy)
70%
What i want
70%
Special Single (B... I..) Break Ice
60%
Domino
60%
Love Is
60%
Mirror
60%
Playlist
60%
Twenty
60%
Wind Ride
60%
Dalla Dalla remix
50%
Out of season
50%
Style
50%
Sugar-holic
50%
Want It remix
50%
TV Soudtrack Superpowers
40%
Aucun quiz correspondant
Distribution des résultats
% des personnes avec chaque résultat
Percentile par nombre de réponses
Votre historique - résultats
Vous n’avez pas pris ce quiz